| 000 | nam a22 a 4500 | ||
|---|---|---|---|
| 999 |
_c174511 _d174511 |
||
| 003 | BLK | ||
| 005 | 20220602152712.0 | ||
| 008 | 180411b bul|||||r ||||||| ||bul|| | ||
| 010 | _aKNG00182997000 | ||
| 040 | _aBLK | ||
| 041 |
_aBUL _cBUL |
||
| 080 |
_aФизическа география _b911.2 _x(082) _z911.2(082) |
||
| 139 |
_aХристоматия по обща физическа география _bХ 83 |
||
| 245 | 1 | 0 |
_aХристоматия по обща физическа география _cсъстав. Харалампи Тишков. |
| 257 | _aBGR | ||
| 260 |
_aСофия _bНар. просв. _c1966 |
||
| 300 |
_a304 с. _bс ил. _c24 см |
||
| 380 | _a91 | ||
| 500 | _aДр. състав.: Вера Неделчева, Петър Лазаров, Васил Дойков. - 10 579 тир. | ||
| 650 | 4 |
_aФизическа география _9283035 |
|
| 653 | _aфизическа география | ||
| 653 | _aхристоматии | ||
| 700 | 1 |
_aТишков, Харалампи _eсъстав. _9339785 |
|
| 852 |
_aЦб 40077 _bЦб |
||
| 856 | 4 | _qpdf | |
| 856 | 4 | _qpdf | |
| 942 |
_cKNG _n0 _s1 |
||
| 944 |
_aCR _c30.09.2015 _kКамелия_Данева |
||
| 944 |
_aED _c2022-06-02 _kГГГ |
||